000 00819cam1a220025300 4500
001 lce01119355
008 701028s1970 ilu 001 0 eng
010 _a 79122201 //r81
035 _a(Sirsi) r98207
035 _a(DLC) 79122201 //r81
035 _a(UPRA)lce01119355
040 _dUPRA
050 0 _aRM161
_b.D35 1970
082 _a615/.836/0202
100 1 _aDeKornfeld, Thomas J., 1924-
_dDeKornfeld, Thomas J., 1924-
_6A56830.1
245 1 0 _aInhalation therapy procedure manual /
_cby Thomas J. DeKornfeld and Don E. Gilbert.
250 _a2nd ed.
260 _aSpringfield, IL :
_bThomas,
_c[1970]
500 _aFirst published in 1968.
650 0 _aRespiratory therapy.
_6S141.1
700 1 _aGilbert, Don E.
_6A56831.1
949 _aRM161
_wLC
_i-139715
_mMEDICAL
_tBOOK
_lON-SHELF
004 98207
999 _c52040
_d52040